« Retourner aux résultats de recherche
Initiation à l'ikebana
| Auteur principal: | Colette Ravenel |
|---|---|
| Support: | Livres |
| Langue: | Francais |
| Genre: |
Documentaire |
| Sujets: | |
| Étiquettes: |
Ajouter
Pas de Tags !
|
| LEADER | 00859nam0a2200181 450 | ||
|---|---|---|---|
| 001 | 16848336 | ||
| 010 | |a 2-04-720172-1 |b Br. |d 11,9 | ||
| 100 | |a 20040322d2004 u u0frey01 ba | ||
| 101 | 0 | |a fre | |
| 102 | |a FR | ||
| 200 | 0 | |a Initiation à l'ikebana |f Colette Ravenel |g photogr. Francis Waldman | |
| 207 | 1 | |a | |
| 215 | |a 64 p. |c ill. en coul. |d 31 x 22 cm | ||
| 330 | |a Initiation à la réalisation de bouquets décoratifs inspirés de l'art floral japonais : présentation des outils, des matériaux, des supports et des végétaux, techniques générales, guide pratique (roue chromatique, table des végétaux...), réalisation pas à pas de dix bouquets. | ||
| 700 | 0 | |a Ravenel |b Colette |4 70 | |
| 900 | |a Documentaire | ||
| 901 | |a Accessible au prêt | ||
| 995 | |a Bibliothèque |c Bibliothèque |f 00156005098876 |h 00156005098876 |k 745.92 RAV |o p |q a |r az |e Bibliothèque | ||
